| 000 | 00913pam a2200301 a 4500 | ||
|---|---|---|---|
| 001 | 4771712 | ||
| 003 | ARRUPE | ||
| 005 | 20140204165555.0 | ||
| 008 | 860818s1987 pau b 001 0 eng | ||
| 010 | _a 86045912 | ||
| 020 | _a080061948X (pbk.) | ||
| 040 |
_aDLC _cDLC _dDLC |
||
| 050 | 0 | 0 |
_aBV4626 _b.C37 1987 |
| 082 | 0 | 0 |
_a241/.3 _219 |
| 100 | 1 |
_aCapps, Donald. _97885 |
|
| 245 | 1 | 0 |
_aDeadly sins and saving virtues / _cDonald Capps. |
| 260 |
_aPhiladelphia : _bFortress Press, _cc1987. |
||
| 300 |
_av, 162 p. ; _c23 cm. |
||
| 500 | _aIncludes index. | ||
| 504 | _aBibliography: p. 153-158. | ||
| 650 | 0 |
_aDeadly sins. _97886 |
|
| 650 | 0 |
_aVirtues. _97887 |
|
| 650 | 0 |
_aLife cycle, Human _xReligious aspects _xChristianity. _97888 |
|
| 650 | 0 |
_aPastoral psychology. _97889 |
|
| 650 | 0 |
_aPastoral counseling. _97890 |
|
| 906 |
_a7 _bcbc _corignew _d1 _eocip _f19 _gy-gencatlg |
||
| 942 |
_2lcc _cMONOGRAPH |
||
| 999 |
_c119923 _d119923 |
||